| 000 | 00000nas##2200000za#4500 |
| 001 | 9.507932 |
| 003 | CaOODSP |
| 005 | 20230719104900 |
| 007 | cr ||||||||||| |
| 008 | 150406c1995||||xxc|| p o||||f| |0eng|d |
| 040 | |aCaOODSP|beng |
| 043 | |an-cn--- |
| 086 | 1 |aEn151-7E-PDF |
| 110 | 1 |aCanada. |bEnvironment Canada. |bQuebec Region. |
| 245 | 10|aSt. Lawrence Vision 2000 - biennial report / |h[electronic resource]|c[issued by] St. Lawrence Vision 2000 Co-ordination Office. |
| 260 | |aSainte-Foy - Quebec : |bEnvironment Canada. |
| 310 | |aEvery five years |
| 362 | 1 |a[1993/1995]- |
| 690 | 07|aEnvironmental protection|2gcpds |
| 690 | 07|aSustainable development|2gcpds |
| 690 | 07|aWater management|2gcpds |
| 710 | 2 |aSt. Lawrence Vision 2000 (Canada) |
| 775 | 08|tSaint-Laurent vision 2000 - rapport biennal / |w(CaOODSP)9.504310 |
| 785 | 00|tSt. Lawrence Plan for a Sustainable Development - biennial report / |w(CaOODSP)9.505745 |